Algunas técnicas pedagógicas al servicio de la actividad pastoral

Збережено в:
Бібліографічні деталі
Автор: Opaso Valdivieso, Enrique Andrés (autor)
Формат: Книга
Мова:Іспанська
Опубліковано: Valparaíso Obispado de Valparaíso 1985
Предмети:
Теги: Додати тег
Немає тегів, Будьте першим, хто поставить тег для цього запису!

MARC

LEADER 00000nam a2200000 a 4500
001 UCL6650
003 CL-VaPUC
008 040416e19850000CL |||||||||||||||||spa|d
082 0 4 |a 268.432  |b OPA  |2 21 
100 |a Opaso Valdivieso, Enrique Andrés  |e autor  |9 526948 
245 1 0 |a Algunas técnicas pedagógicas al servicio de la actividad pastoral 
300 |a 42 p 
942 |c BK 
945 |d 20040416 00:00:00  |a cmena 
260 |a Valparaíso  |b Obispado de Valparaíso  |c 1985 
650 0 |a Educación religiosa   |9 308312 
650 0 |a Métodos de enseñanza  |9 270413 
583 |a last modification  |c 20040416 00:00:00  |k Rodrigo Vera 
999 |c 308641  |d 308639 
952 |0 0  |1 0  |4 0  |6 268_432000000000000_OPA_1985  |7 0  |8 A  |9 375314  |a BIBTEO  |b BIBTEO  |d 2019-11-21  |i 2111209  |o 268.432 OPA 1985  |p 2111209  |r 2025-01-17  |w 2019-11-21  |y BK  |k ICR